| 000 | 00426nam a22001817a 4500 | ||
|---|---|---|---|
| 003 | MPLRDC | ||
| 005 | 20220104142846.0 | ||
| 008 | 210129b ||||| |||| 00| 0 eng d | ||
| 082 | _a496.5 ZSL | ||
| 100 | _a曾松龄 | ||
| 245 |
_a推销功夫 _c |
||
| 250 | _a重印 | ||
| 260 |
_a _b联经日报社 _c1988 |
||
| 300 | _b平 | ||
| 490 | _a推销丛书. 7 | ||
| 650 | _a推销策略; 贩卖术 | ||
| 942 |
_cBK _o496.5 ZSL |
||
| 999 |
_c34293 _d34283 |
||